"Abundantes divitiae gratiae suae" (Record n. 98525)

Dettagli MARC
000 -LEADER
fixed length control field 00900nam a22001817a 4500
003 - CONTROL NUMBER IDENTIFIER
control field IT-RoPau
005 - DATE AND TIME OF LATEST TRANSACTION
control field 20220918181105.0
008 - FIXED-LENGTH DATA ELEMENTS--GENERAL INFORMATION
fixed length control field 130514b xxu||||| |||| 00| 0 eng d
040 ## - CATALOGING SOURCE
Transcribing agency IT-RoPau
100 ## - MAIN ENTRY--PERSONAL NAME
Personal name Centro di Promozione e Formazione
9 (RLIN) 540
245 ## - TITLE STATEMENT
Title "Abundantes divitiae gratiae suae"
Remainder of title Chiave di lettura della nostra storia carismatica
250 ## - EDITION STATEMENT
Edition statement 1° ed
260 ## - PUBLICATION, DISTRIBUTION, ETC. (IMPRINT)
Place of publication, distribution, etc. Roma
Name of publisher, distributor, etc. SSP
Date of publication, distribution, etc. 1984
300 ## - PHYSICAL DESCRIPTION
Extent 18 pp.
Dimensions 30 cm
490 ## - SERIES STATEMENT
Series statement Il Religioso paolino nella sua comunità
Volume/sequential designation 7° Vol.
520 ## - SUMMARY, ETC.
Summary, etc. Indice<br/><br/>Fonti e sigle<br/>Presentazione<br/>1. Di fronte al carisma: Giornata di rilettura - AD 1-6<br/>2. La giornata dell'incontro nella luce - AD 13 - 22 - 35<br/>3. Il cammino nella luce - AD 43-47; 87-100; 136-158.<br/>4. Le molte ricchezze raccolte da Dio nella Famiglia Paolina7. 5. Un clima di vita: Essere in Cristo<br/>6. Da Don Alberione a noi: Il nostro itinerario spirituale<br/><br/>
942 ## - ADDED ENTRY ELEMENTS (KOHA)
Source of classification or shelving scheme Dewey Decimal Classification
Koha item type LIBRO
Dati di copia
Withdrawn status Lost status Source of classification or shelving scheme Damaged status Not for loan Home library Current library Date acquired Total Checkouts Full call number Barcode Date last seen Price effective from Koha item type
    Dewey Decimal Classification Buone Condizioni Not For Loan PAULUS-BIBLIOTECA PAULUS-BIBLIOTECA 14/05/2013   P D2 SpFP 2 14/05/2013 14/05/2013 LIBRO
    Dewey Decimal Classification Buone Condizioni Not For Loan PAULUS-BIBLIOTECA PAULUS-BIBLIOTECA 14/05/2013   P D2   14/05/2013 14/05/2013 LIBRO
    Dewey Decimal Classification Buone Condizioni Not For Loan PAULUS-BIBLIOTECA PAULUS-BIBLIOTECA 14/05/2013   P D2   14/05/2013 14/05/2013 LIBRO
    Dewey Decimal Classification Buone Condizioni Not For Loan PAULUS-BIBLIOTECA PAULUS-BIBLIOTECA 14/05/2013   P D2   14/05/2013 14/05/2013 LIBRO
CREDITS: SOCIETA' SAN PAOLO Via A.Severo, 58 - ROMA (RM) & PERIODICI SAN PAOLO SRL Via Giotto, 36 MILANO & CISF Via Giotto, 36 MILANO & EDIZIONI SAN PAOLO SRL,  Piazza Soncino, 5 CINISELLO BALSAMO (MI) -- ITALY